Pays et capitales du monde - Statistiques

Statistiques générales
  • Ce quiz a été pris 600 fois
  • Le résultat moyen est 292 sur 392
Réponses sur la Carte
Les réponses sont colorées sur une échelle allant du rouge au vert en fonction du pourcentage des utilisateurs qui les ont devinées à leur premier essai. Vous pouvez retrouver ces pourcentages ci-dessous.
 
Statistiques - réponses
Pays % Correct
Canada
96%
États-Unis
95%
France
95%
Washington DC
95%
Mexico
94%
Mexique
94%
Ottawa
94%
Paris
94%
Allemagne
93%
Brésil
93%
Espagne
93%
Lisbonne
93%
Londres
93%
Madrid
93%
Portugal
93%
Royaume-Uni
93%
Vienne
93%
AmsterdamLa Haye
92%
Argentine
92%
Berlin
92%
Danemark
92%
Italie
92%
Moscou
92%
Norvège
92%
Pays-Bas
92%
Russie
92%
Alger
91%
Algérie
91%
Andorre
91%
Australie
91%
Brasilia
91%
Bruxelles
91%
Chili
91%
Maroc
91%
Suède
91%
Autriche
90%
Belgique
90%
Chine
90%
Dublin
90%
Finlande
90%
Grèce
90%
Irlande
90%
Islande
90%
Monaco
90%
Pérou
90%
Rome
90%
Tunis
90%
Tunisie
90%
Turquie
90%
Ukraine
90%
Athènes
89%
Bolivie
89%
Buenos Aires
89%
Corée du Nord
89%
Corée du Sud
89%
Cuba
89%
Égypte
89%
Inde
89%
Japon
89%
Kiev
89%
Luxembourg
89%
Oslo
89%
Paraguay
89%
Pologne
89%
Roumanie
89%
Uruguay
89%
Vatican
89%
Vatican city
89%
Venezuela
89%
Afrique du Sud
88%
Albanie
88%
Berne
88%
Biélorussie
88%
Canberra
88%
Colombie
88%
Croatie
88%
Estonie
88%
Le Caire
88%
Lettonie
88%
Libye
88%
Rabat
88%
Suisse
88%
Tokyo
88%
Hongrie
87%
Indonésie
87%
Irak
87%
Iran
87%
Nouvelle-Zélande
87%
Panama
87%
Pékin
87%
République tchèque
87%
Slovaquie
87%
Stockholm
87%
Thaïlande
87%
Afghanistan
86%
Arabie saoudite
86%
Bahamas
86%
Budapest
86%
Copenhague
86%
Équateur
86%
Helsinki
86%
Israël
86%
Jamaïque
86%
Kazakhstan
86%
Kosovo
86%
Lituanie
86%
Madagascar
86%
Mongolie
86%
Pakistan
86%
Saint-Marin
86%
SéoulSejong
86%
Serbie
86%
Slovénie
86%
Suriname
86%
Varsovie
86%
Viet Nam
86%
Ankara
85%
Bogota
85%
Bosnie-Herzégovine
85%
Bulgarie
85%
Guatemala
85%
Haïti
85%
Laos
85%
Liban
85%
Lima
85%
Macédoine du Nord
85%
Mali
85%
Ouzbékistan
85%
République démocratique du Congo
85%
Andorre-la-Vieille
84%
Belize
84%
Bucarest
84%
Émirats arabes unis
84%
Malte
84%
Monténégro
84%
Prague
84%
République du Congo
84%
Sénégal
84%
Syrie
84%
Cambodge
83%
Costa Rica
83%
Guyana
83%
Honduras
83%
Liechtenstein
83%
New Delhi
83%
Oman
83%
Philippines
83%
Qatar
83%
République dominicaine
83%
Soudan
83%
Yémen
83%
Zagreb
83%
Cameroun
82%
Éthiopie
82%
Géorgie
82%
Guinée
82%
Kirghizistan
82%
Malaisie
82%
Moldavie
82%
Népal
82%
Nicaragua
82%
Niger
82%
Nigéria
82%
Papouasie-Nouvelle-Guinée
82%
Tchad
82%
Tel AvivJérusalem
82%
Togo
82%
Turkménistan
82%
Bangladesh
81%
Birmanie
81%
Chypre
81%
Kenya
81%
Namibie
81%
Somalie
81%
Angola
80%
Arménie
80%
Côte d'Ivoire
80%
Dacca
80%
La Havane
80%
La Valette
80%
Minsk
80%
Salvador
80%
Sofia
80%
Soudan du Sud
80%
Sri Lanka
80%
Tanzanie
80%
Azerbaïdjan
79%
Cap-Vert
79%
Érythrée
79%
Guinée-Bissau
79%
Jordanie
79%
Mozambique
79%
Reykjavik
79%
SantiagoValparaíso
79%
Tadjikistan
79%
Taïwan
79%
Zambie
79%
Zimbabwe
79%
Fidji
78%
La PazSucre
78%
Bangkok
77%
Botswana
77%
Burkina Faso
77%
Caracas
77%
États fédérés de Micronésie
77%
Koweït
77%
Lesotho
77%
Montevideo
77%
Ouganda
77%
Pyongyang
77%
Riga
77%
Saint-Vincent-et-les Grenadines
77%
Singapour
77%
Vanuatu
77%
Antigua-et-Barbuda
76%
Bahreïn
76%
Belgrade
76%
BloemfonteinLe Cap Pretoria
76%
Comores
76%
Djibouti
76%
Gabon
76%
Ghana
76%
Libéria
76%
Mauritanie
76%
NusantaraJakarta
76%
République centrafricaine
76%
Sainte-Lucie
76%
Eswatini
75%
Guinée-Équatoriale
75%
Kingston
75%
Kingstown
75%
Seychelles
75%
Tallinn
75%
Vilnius
75%
Bénin
74%
Bhoutan
74%
Dominique
74%
Îles Marshall
74%
Kaboul
74%
Tonga
74%
Trinité-et-Tobago
74%
Tuvalu
74%
Bagdad
73%
Barbade
73%
Gambie
73%
Hanoï
73%
Maldives
73%
Palaos
73%
Rwanda
73%
Saint-Christophe-et-Niévès
73%
Sarajevo
73%
Tirana
73%
Abou Dabi
72%
Grenade
72%
Kiribati
72%
Ljubljana
72%
Quito
72%
Sierra Leone
72%
Téhéran
72%
Vaduz
72%
Beyrouth
71%
Brazzaville
71%
Brunei
71%
Dakar
71%
Îles Salomon
71%
Malawi
71%
Manille
71%
Samoa
71%
Asuncion
70%
Bratislava
70%
Damas
70%
Doha
70%
Oulan-Bator
70%
São Tomé
70%
Sao Tomé-et-Principe
70%
Wellington
70%
Burundi
69%
Maurice
69%
Nicosie
69%
Riyad
69%
Chisinau
68%
Kuala LumpurPutrajaya
68%
Saint-Domingue
68%
Skopje
68%
Timor-Oriental
68%
Tripoli
68%
Islamabad
67%
Nairobi
67%
Port-au-Prince
67%
Pristina
67%
San Salvador
67%
Astana
66%
Erevan
66%
Nauru
66%
Bakou
65%
Bamako
65%
Podgorica Cetinje
65%
Katmandou
65%
Taipei
65%
Tbilissi
65%
Kinshasa
64%
Georgetown
63%
Antananarivo
62%
Amman
61%
Freetown
61%
Addis-Abeba
60%
Bissau
60%
Nassau
60%
San José
60%
Phnom Penh
59%
Yaoundé
59%
Libreville
58%
Ouagadougou
58%
Port-d'Espagne
58%
Yamoussoukro
58%
Belmopan
57%
Khartoum
57%
SanaaAden
57%
Accra
56%
Lomé
56%
Malé
55%
Managua
54%
Paramaribo
54%
Saint John's
54%
Victoria
54%
Abuja
53%
Mogadiscio
53%
Tegucigalpa Comayangüela
52%
Mascate
52%
Niamey
52%
Porto-NovoCotonou
52%
Saint-Georges
52%
Bichkek
51%
Conakry
51%
Dili
51%
Luanda
51%
Manama
51%
Port-Louis
51%
Vientiane
50%
Windhoek
50%
Bangui
49%
Bridgetown
49%
Castries
49%
DodomaDar es Salam
49%
Kigali
49%
Maputo
49%
N'Djaména
49%
Nouakchott
49%
Roseau
49%
Tachkent
49%
Achgabat
48%
Banjul
48%
Basseterre
48%
Asmara
46%
Djouba
46%
Kampala
46%
Praia
46%
Douchanbé
45%
Harare
45%
Lusaka
45%
Moroni
45%
BujumburaGitega
44%
Port Moresby
44%
Thimphou
44%
Ciudad de la PazMalabo
43%
Lilongwe
43%
Naypyidaw
43%
Gaborone
42%
Mbabane
42%
Monrovia
42%
Sri Jayawardenapura KotteColombo
42%
Bandar Seri Begawan
41%
Suva
40%
Maseru
39%
Port-vila
39%
Funafuti
38%
Apia
36%
Majuro
35%
Palikir
35%
Yaren
35%
Tarawa-Sud
33%
Honiara
31%
Nuku'alofa
31%
Melekeok
17%
Aucun quiz correspondant
Distribution des résultats
% des personnes avec chaque résultat
Percentile par nombre de réponses
Votre historique - résultats
Vous n’avez pas pris ce quiz